| 000 | 01467aam a2200313 i 4500 | ||
|---|---|---|---|
| 001 | 18617 | ||
| 003 | CO-MdBIC | ||
| 005 | 20211016102108.0 | ||
| 008 | 211016t2006 sp ||||| |||| 00| 0 eng d | ||
| 020 | _a84-301-1592-7 | ||
| 040 |
_bspa. _aCO-MdFUSB _cCO-MdFUSB _dCO-MdFUSBC _erda |
||
| 041 | _aspa | ||
| 082 | 0 | 4 | _aR 296.815 V9859r |
| 100 | 1 | _aVásquez Allegue, Jaime (ed.) | |
| 245 | 1 | 0 |
_aLa regla de la comunidad de Qumrán / editado por Jaime Vásquez Allegue _c/ |
| 260 | _aSalamanca, España : Sígueme | ||
| 264 | 1 |
_aSalamanca, España : _bEdiciones Sígueme, _c[2006] |
|
| 264 | 4 | _c© 2006 | |
| 300 |
_a157 páginas _c; |
||
| 336 |
_2rdacontent _atexto _btxt |
||
| 337 |
_2rdamedia _asin mediación _bn |
||
| 338 |
_2rdacarrier _avolumen _bnc |
||
| 501 | _aRústico | ||
| 505 | _aLos manuscritos del Mar Muerto -- Importancia -- Antigüedad -- Ideología -- Creación literaria -- Documentos más importantes -- La comunidad de Qumrán -- Qumrán en la literatura antigua -- El movimiento esenio -- Fundación de la comunidad -- Vida en común -- La Biblioteca del Mar Muerto -- Los rollos -- El rollo de la Regla de la comunidad -- La Regla de la comunidad de la cueva 1 -- La Regla de la comunidad de otras cuevas -- El manuscrito de la Regla de la comunidad -- Historia -- Estructura -- Traducciones -- El manuscrito -- La "Regla de la comunidad" de Qumrán | ||
| 653 | _aRegula | ||
| 653 | _aQumrán | ||
| 942 | _cBK | ||
| 945 | _aEstudiante | ||
| 999 |
_c45033 _d45033 |
||